| 000 | 00496nam a2200157 i 4500 | ||
|---|---|---|---|
| 001 | 128655 | ||
| 003 | ES-MaACL | ||
| 005 | 20230906193333.0 | ||
| 007 | t| | ||
| 008 | 070521s1974 sp ||||1| spa d | ||
| 245 | 0 | 0 |
_aTarifas de la licencia fiscal del impuesto industrial _b: (Orden de 6 de junio de 1974). |
| 260 |
_a[Madrid : _bBoletín Oficial del Estado, _c1974] |
||
| 300 |
_a349 p. ; _c21 cm. |
||
| 650 | 4 |
_aImpuesto industrial- _zEspaña. _9153889 |
|
| 852 |
_aES-MaACL _jE-5600 _bR.89994 |
||
| 999 |
_c128655 _d128655 |
||